000 00844cam a2200193 4500
001 WB3925-17
008 030702n2003 000 0 eng u
035 _a(Sirsi) u122850
245 _aTenanted land gives strong return
260 _c2003
490 _aFarmers' Weekly
_v138(26) 27 June 2003, 90(1)
520 _aThe latest Investment Property Databank (IPD) Let Land Index shows that tenanted land gave a strong total return of 19.5% in 2002, beating all rival asset classes. The sector's performance is also ahead of its main competitors over a 10-year period although the income return from let land continues to drop due to downward pressure on farm rents. Table. IPD at www.ipdindex.co.uk.
590 _aWB
650 _aTENANTED LAND
650 _aFARMLAND
650 _aLET LAND INDEX
690 _aRURAL-MARKET
942 _n0
999 _c72975
_d72975